000
00228 a2200097 4500
001
13597
100
_a
Hirszowiez L
245
_a
The Third Reich & the Arab East
260
_a
London
_b
Routledge & Kegan
_c
090
_c
10596
_d
10596
942
_a
NUST-CAE
_c
M
_c
665
999
_c
248670
_d
248670